000 00833cas a22002295a 4500
001 L137648
008 110513c2010 xxkfr ws ss 00 a0eng u
035 _a(Sirsi) u137648
041 0 _aeng
110 2 _aGVA
_95945
245 0 0 _aBusiness parks review
_h[electronic resource]
260 _aLondon
_bGVA
_c2011
362 0 _aSpring 2011-
490 0 _aBusiness Parks Review
520 _aDiscusses the take up, demand, new supply,availability and rents of business park space on a national and regional level including Scotland.
554 _aTwo per year
650 2 4 _aGVA GRIMLEY BUSINESS PARKS REVIEW
651 4 _aUnited Kingdom
_y
690 _aPROPERTY-COMMERCIAL PROPERTY-COMMERCIAL PROPERTY MARKET
856 4 0 _uhttps://www.gva.co.uk/research/offices/
_zView the item free of charge at www.gva.co.uk
942 _n0
999 _c118906
_d118906